000 01651nam a2200433 c 4500
999 _c49260
_d49260
001 49260
003 ES-MaCES
005 20250526142654.0
007 cr |||||||||||
008 170420s2016 sp 100 ||spa d
017 _aNA 2050-2016
_bDL
020 _a9788491355588
040 _aES-MaCES
_bspa
_cES-MaCES
100 1 _925457
_aValle de Joz, Juan Ignacio del
245 1 0 _aSeguridad Social y proceso
_b: la actividad prestacional
_cJuan Ignacio del Valle de Joz
250 _a1ª ed
260 _aCizur Menor (Navarra)
_bThomson Reuters-Aranzadi
_c2017
300 _a310 p.
_c24 cm
490 1 _aMonografías Aranzadi
_v850. Aranzadi Derecho laboral
500 _aDisponible en formato electrónico mediante la aplicación PROVIEW
504 _aBibliografía: p. 297-310
541 _cCompra
650 4 _aseguridad social
_927034
650 4 _arégimen universal de prestaciones
_930153
650 4 _alegislación de seguridad social
_929855
650 4 _aprocedimiento administrativo
_930919
650 4 _aderecho procesal
_930896
650 4 _aEspaña
_926964
650 4 _arégimen jurídico
_929894
653 1 0 _aDerecho del trabajo y Seguridad Social
700 1 _918830
_aMonereo Pérez, José Luis
_edir. y coord.
700 1 _911778
_aFernández Bernat, Juan Antonio
_edir. y coord.
700 1 _916923
_aLópez Insua, Belén del Mar
_edir. y coord.
830 0 _aMonografías Aranzadi
_v850
_932673
830 0 _aMonografías Aranzadi
_pDerecho laboral
_933164
856 4 _uhttps://legalteca.aranzadilaley.es/my-library?sponsor=82111144-IP
_yLegalteca
902 _aLIB Libro
942 _2CES
_cBK
_h6.0.1.